00273nam a22000857a 4500008004100000082001500041245009700056260002500153300000900178230619b xxu||||| |||| 00| 0 eng d a305.42bUN aReport of the Committee on the Elimination of Discrimination against WomenbEleventh Session bUnited Nationsc1993 a127p